000 00424nam a2200169Ia 4500
001 8698
003 GE_BSU
008 181216s||||||||xx |||||||||||||| ||und||
040 _cGE_BSU
245 _aSQL Server. №12 (156). Декабрь.2013.
245 _bЖурнал для профессионалов.
260 _aМосква
260 _c2013
300 _a23стр.29см.
653 _aSQL Server
942 _cCR
999 _c42012
_d42012